000 01173nam a22002897i 4500
999 _c23591
_d23591
003 AR-CdUCM
008 260406b20222022ag a|||| |||| 00| 0 spa d
020 _a978-950-23-3257-4
040 _aMUNICIPALIDAD PROVINCIAL DEL CUSCO
_cBIBLIOTECA MUNICIPAL DEL CUSCO
041 _hspa
082 _a372.4147
_bN55
100 _aNielsen, Clara
_952523
245 _aManual de lectura fácil :
_bComo escribir textos accesibles para personas con dificultades lectoras /
260 _aBuenos Aires-Argentina :
_bEditorial Universitaria de Buenos Aires
_c2022
300 _a363 páginas. :
_c17x22 cm.
500 _zpáginas 362 - 363
505 _aLa lectura fácil -- El manual Visibilia -- La lectura fácil -- La teoría -- La comunicación, el lenguaje y el idioma -- El receptor -- Construimos a nuestro receptor -- El texto que vamos a adaptar -- Escribir -- La gramática -- La ortografía
650 _aLectura
_92069
650 _aIdioma
_93027
650 _aTeoria
_95077
650 _aComunicacion
_952524
650 _aLenguaje
_952525
650 _aEscribir
_916563
856 _fwww.eudeba.com.ar
942 _2ddc
_cLIBROS
945 _apbjr
_d06-04-2026